[Event "URS-ch FL56"]
[Site "Klaipeda"]
[Date "1988.??.??"]
[Round "?"]
[White "Shirov, Alexei"]
[Black "Psakhis, Lev"]
[Result "0-1"]
[WhiteElo "2380"]
[BlackElo "2560"]
[Annotator "Psakhis,L"]
[PlyCount "136"]
[EventDate "1988.11.??"]
[EventType "tourn"]
[EventRounds "17"]
[EventCountry "URS"]
[EventCategory "9"]
[SourceTitle "EXT 2005"]
[Source "ChessBase"]
[SourceDate "2004.11.15"]
[SourceVersion "1"]
[SourceVersionDate "2004.11.15"]
[SourceQuality "1"]

{SURVEY} 1. d4 Nf6 2. c4 e6 3. Nc3 Bb4 4. e3 c5 {[%mdl 32768]} (4... O-O 5. Bd3
(5. Nge2 d5 6. a3 Be7 7. cxd5 exd5 8. g3 b6 9. Bg2 Bb7 10. O-O Na6 11. b4 c6
12. b5 cxb5 13. Nxb5 Nc7 14. a4 Nxb5 15. axb5 a6 16. Ba3 Bxa3 17. Rxa3 axb5 18.
Rxa8 Qxa8 19. Qb3 Qa4 20. Qb2 Ra8 21. Nc3 Qa3 22. Qxa3 Rxa3 23. Nxb5 Rb3 24.
Nd6 Bc6 25. Bh3 g5 26. Rc1 g4 27. Bxg4 Nxg4 28. Rxc6 Rb1+ 29. Kg2 Rb2 30. Nf5
Rxf2+ 31. Kh3 h5 32. Nh6+ Nxh6 33. Rxh6 Re2 34. Rxh5 Rxe3 35. Rxd5 {1/2-1/2
Lengyel,L-Barcza,G/Budapest 1957/EXT 2000 (35)}) 5... c5 6. Nge2 d5 7. O-O Nc6
8. a3 dxc4 9. Bxc4 Bxc3 10. bxc3 Qc7 11. Bb2 e5 12. d5 Rd8 13. Ba2 c4 14. Bxc4
Na5 15. Ba2 Nc4 16. Qc2 Nxd5 17. Rad1 Be6 18. Bc1 h6 19. e4 Nf6 20. Rd3 Rxd3
21. Qxd3 Rd8 22. Qc2 Qd6 23. a4 Nd2 24. Re1 Bxa2 25. Qxa2 Nfxe4 26. Ng3 Qc5 27.
Nxe4 Nxe4 28. c4 Qa5 29. Qe2 Nc3 30. Qg4 Na2 31. Rf1 Nxc1 32. Rxc1 Qxa4 33. g3
Qc6 34. Qe2 e4 35. Re1 Rd4 36. Qa2 Rxc4 37. Qxa7 Rc1 38. Rxc1 Qxc1+ 39. Kg2 Qc7
{0-1 Tempone,M-Ivkov,B/Buenos Aires 1979/MCL (39)}) (4... Qe7 5. Nge2 b6 6. a3
Bxc3+ 7. Nxc3 Bb7 8. d5 d6 9. Be2 Nbd7 10. O-O O-O 11. e4 exd5 12. exd5 Rfe8
13. Be3 a6 14. Qc2 Ne5 15. Rae1 Bc8 16. Bd4 Bd7 17. f4 Ng6 18. g4 Qd8 19. g5
Ng4 20. Qd2 h6 21. f5 N6e5 22. h3 Nf6 23. gxf6 Qxf6 24. Qf4 Re7 25. Kh1 c5 26.
Bg1 g6 27. fxg6 Qxf4 28. Rxf4 fxg6 29. Rf6 Bf5 30. Rxd6 Nxc4 31. Re6 Rxe6 32.
dxe6 Bxe6 33. Bf3 {1-0 Botvinnik,M-Ragozin,V/Moscow 1947/MCL (33)}) (4... a6 5.
Nf3 c5 6. Bd3 O-O 7. O-O Nc6 8. d5 Ne7 9. d6 Ng6 10. Ne2 b5 11. a3 Ba5 12. b4
Bb6 13. cxb5 axb5 14. Bb2 c4 15. Bc2 Nd5 16. e4 Ndf4 17. Nxf4 Nxf4 18. Qd2 Ng6
19. a4 bxa4 20. Qc3 f6 21. Rfe1 Nf4 22. Qxc4 Ba6 23. b5 Rc8 24. Qxa4 Bxb5 25.
Qxb5 Rxc2 26. Bd4 Rc6 27. g3 Rxd6 28. gxf4 Bxd4 29. Rad1 Rb6 30. Qa4 Bc5 31.
Rxd7 Qe8 32. Qa7 Qg6+ 33. Kf1 Qg4 34. Ng5 {1-0 Speelman,J-Short,N/London 1980/
MCD (34)}) (4... Nc6 5. Bd2 d5 (5... e5 6. dxe5 Nxe5 7. a3 Bxc3 8. Bxc3 d6 9.
Nf3 Qe7 10. Nxe5 dxe5 11. Qc2 O-O 12. Bd3 Bd7 13. O-O h6 14. f3 Bc8 15. b4 c5
16. Rac1 Re8 17. Qb2 Nd7 18. f4 b6 19. Be4 Rb8 20. Bc6 f6 21. fxe5 fxe5 22.
Rcd1 Rf8 23. Rxf8+ Nxf8 24. Bxe5 Bg4 25. Bd5+ Kh8 26. Rf1 Re8 27. Rf7 Qxe5 28.
Rxf8+ Kh7 29. Qxe5 Rxe5 30. e4 cxb4 31. axb4 Re7 32. Kf2 Be6 33. Ke3 b5 34.
Bxe6 Rxe6 35. c5 a5 36. bxa5 Ra6 37. Kd4 Rxa5 38. c6 Ra7 39. Kc5 b4 40. Kxb4 {
1-0 Ragozin,V-Liublinsky,V/Moscow 1945/HCL (40)}) 6. Nf3 Qe7 7. a3 Bxc3 8. Bxc3
Ne4 9. Qb3 Nxc3 10. Qxc3 O-O 11. b4 a6 12. Bd3 Re8 13. Qc2 h6 14. O-O Bd7 15.
b5 axb5 16. cxb5 Na5 17. Ne5 Rec8 18. Rfc1 Be8 19. a4 c6 20. Rab1 f6 21. Nf3
Nc4 22. bxc6 Rxc6 23. Qd1 Na3 24. Ra1 Rxa4 25. e4 Rxc1 26. Qxc1 Bc6 27. exd5
exd5 28. Qf4 Ra8 29. Qf5 g5 30. h4 Qf7 31. hxg5 hxg5 32. Qh3 Bd7 33. Qg3 b5 34.
Qd6 Qe6 35. Qc5 g4 36. Nh4 g3 37. fxg3 Qe3+ 38. Kh2 Qxd3 39. Qxd5+ {1-0
Kavalek,L-Nowak,E/Harrachov 1966/MCD (39)}) 5. Bd3 Nc6 6. Nge2 cxd4 (6... d6 7.
O-O O-O 8. a3 Bxc3 9. Nxc3 e5 10. d5 Ne7 11. Qc2 g6 12. e4 Nh5 13. Bh6 Re8 14.
b4 b6 15. Qd2 f6 16. Be2 Kh8 17. Bxh5 gxh5 18. f4 exf4 19. Bxf4 a6 20. Bg3 Ng8
21. bxc5 bxc5 22. Qf4 Re5 23. Bh4 Bg4 24. h3 Bd7 25. Rab1 Qe7 26. Bxf6+ Nxf6
27. Qxf6+ Qxf6 28. Rxf6 Rg8 29. Kh2 Reg5 30. Rb2 Rg3 31. Rxd6 Bxh3 32. Rb8 Rxc3
33. Rxg8+ Kxg8 34. gxh3 Rxc4 35. e5 Rd4 36. Rd7 Kf8 37. d6 Ke8 38. Re7+ Kd8 39.
Kg3 c4 40. Kf3 c3 41. Rc7 {1-0 Psakhis,L-Rivas Pastor,M/Cienfuegos 1983/MCD 
(41)}) 7. exd4 d5 8. cxd5 Nxd5 9. O-O (9. a3 Bd6 (9... Nxc3 10. bxc3 Be7 11.
Be4 Bd7 12. Qd3 (12. O-O Rc8 13. Nf4 Na5 14. Re1 O-O 15. d5 e5 16. d6 Bxd6 17.
Qxd6 exf4 18. Bxf4 {1/2-1/2 Milov,V-Anand,V/Biel 1997/CBM 60 (18)}) 12... h6
13. Qg3 Bg5 14. h4 Bf6 15. Bf4 Rc8 16. Rd1 Na5 17. O-O Ba4 18. Rb1 Bc6 19. Bd3
Bd5 20. Bb5+ Bc6 21. a4 h5 22. Be5 a6 23. Bxc6+ Rxc6 24. Rfd1 Rc4 25. Nf4 Kf8
26. Re1 Qc8 27. Bxf6 gxf6 28. Nxe6+ fxe6 29. Qg6 Ke7 30. Qg7+ Kd6 31. Qxf6 Qd8
32. Rxe6+ Kc7 33. Qe5+ Kc8 34. Rxa6 bxa6 35. Rb8+ Kd7 36. Rxd8+ Rxd8 37. Qxa5 {
1-0 Milov,V-Chiburdanidze,M/Batumi 2002/CBM 90 (37)}) 10. Ne4 Be7 11. Bc2 O-O
12. Qd3 Qc7 13. O-O Rd8 14. Ng5 g6 15. Bb3 Bf8 16. Rd1 Bg7 17. Nf3 b6 18. Bg5
f6 19. Bh4 Nce7 20. Bg3 Qd7 21. Re1 Bb7 22. Nc3 Nf5 23. Re2 Re8 24. Ne4 Bc6 25.
Bc4 a6 26. Rc1 Bb5 27. Rec2 Bxc4 28. Rxc4 Rec8 29. h3 Rxc4 30. Qxc4 Qb5 31. Qc6
Qxc6 32. Rxc6 Kf7 33. Bh2 Ke7 34. g4 Kd7 35. Rc2 Nfe7 36. Nd6 g5 37. h4 gxh4
38. Nxh4 Nc6 39. Nf3 Rg8 40. Kf1 Bf8 41. Nc4 Rxg4 42. Ne3 Re4 43. Nxd5 exd5 44.
Rc3 Be7 45. Rd3 h5 46. Bg3 Bd8 47. a4 b5 48. axb5 axb5 49. Rd1 Bb6 50. Kg2 Nxd4
$19 {0-1 Milov,V-Gelfand,B/Biel 1997/CBM 60 (50)}) 9... O-O 10. Bc2 Bd6 11. Ne4
Be7 12. a3 b6 13. Qd3 g6 14. Bh6 Re8 15. Rad1 (15. Rac1 Bb7 16. Ba4 Rc8 17.
Rfd1 a6 18. N2g3 b5 19. Bb3 Na5 20. Ba2 Rxc1 21. Bxc1 Nf6 22. Nc5 Bxc5 23. dxc5
Qxd3 24. Rxd3 Bd5 25. Bg5 Bxa2 26. Bxf6 Bd5 27. b4 Nc6 28. f3 a5 29. bxa5 Ra8
30. Ne4 Rxa5 31. Bb2 b4 32. axb4 Nxb4 33. Rd1 f5 34. Nf6+ Kf7 35. Bc3 Rb5 36.
Rb1 Na2 37. Rxb5 Nxc3 38. Nxd5 Nxb5 39. Nb4 Nd4 40. Kf2 f4 41. Nd3 g5 42. g3
fxg3+ 43. hxg3 h5 44. Ne5+ {1/2-1/2 Bunzmann,D-Avrukh,B/Biel 1999/CBM 72 (44)})
15... Bb7 16. Rfe1 Rc8 {/\ Ncb4} 17. N2c3 Na5 {><c4} 18. Qg3 (18. Ba4 Bc6)
18... Nc4 19. Ba4 $1 Bc6 (19... Nxb2 $6 20. Bxe8 Qxe8 $5 (20... Nxd1 21. Bxf7+
$16)) 20. Bb3 Nxc3 (20... Nxb2 $2 21. Rd2 Nxc3 22. Nxc3 Bxa3 23. Ra1 {><b2})
21. bxc3 $2 (21. Nxc3 Bd6 $5 22. Bf4 $5 Bxf4 23. Qxf4 Qd6 $5 (23... Nxb2 24.
Rd2 Bd7 (24... Bb7 25. Nb5 $1) 25. Ne4) 24. Qxd6 $10) 21... Bxe4 $1 22. Rxe4
Nd6 23. Rg4 $8 (23. Re3 Nf5 24. Qh3 Nxh6 25. Qxh6 Bg5 $19) (23. Ree1 Nf5 24.
Qh3 Nxh6 25. Qxh6 Rxc3 $19) 23... Nf5 24. Qh3 Bxa3 $1 (24... Nxh6 25. Qxh6 Rxc3
26. Bxe6 $1 $13) 25. Bg5 Qd7 26. Rf4 $1 Be7 (26... Bd6 27. g4 $5 (27. Rf3 {
/\ g4}) 27... Bxf4 28. Bxf4 $44) 27. Rxf5 $5 (27. Bxe7 Qxe7 $19) 27... gxf5 (
27... exf5 $5 28. Bxf7+ Kxf7 29. Qxh7+ Ke6 30. Qxg6+ (30. Re1+ Kd6 31. Bf4+ Kc6
) 30... Kd5) 28. d5 (28. Qg3 Kh8 29. Qe5+ f6 30. Bxe6 (30. Bxf6+ Bxf6 31. Qxf6+
Qg7 $19) 30... fxe5 31. Bxd7 Bxg5 $19) 28... Bxg5 $1 29. Qg3 (29. dxe6 Rxe6 $1)
29... Qe7 (29... Kh8 $5 30. dxe6 Rxe6 $1) 30. d6 Qf6 31. d7 Kh8 32. dxe8=Q+ (
32. Qc7 Rxc7 $1 33. dxe8=Q+ Kg7 $19) 32... Rxe8 33. Qc7 $1 a5 (33... Re7 34.
Rd8+ Kg7 35. Qc8 $13) (33... Kg8 $5) 34. Rd3 Bh6 35. Qxb6 Qe5 $17 36. Qd4 Bg7
$1 37. Qxe5 Bxe5 {R 9/j} 38. g3 Rb8 39. c4 Rb4 40. Kf1 a4 41. Bd1 Bb2 $8 (41...
Rxc4 42. Ra3) (41... Rb1 42. Ke2 Ra1 43. c5 $13) 42. Rd7 (42. Rd8+ $5 Kg7 43.
Ra8 a3 44. Be2 Rb3 45. c5 Rc3 46. Ra5 Kf6 $17) 42... a3 43. Ra7 Rxc4 44. Bh5
Kg7 $1 45. Bxf7 Kf6 $2 (45... Rc1+ 46. Ke2 Bd4 47. Rd7 Kf6 48. Rxd4 a2 $19) 46.
Bh5 Rc1+ 47. Kg2 Rc2 {/\ R f2-+} 48. Ra6 Bc1 (48... Bd4 $5 49. Rxa3 Rxf2+ 50.
Kh1 $17) 49. Bd1 Rb2 50. Bf3 (50. Rxa3 Rd2 $19) 50... Be3 51. Bd5 Bb6 52. Bc4
Rb4 $2 (52... Rxf2+ $17) 53. Bd3 Rb2 54. Rxa3 Bxf2 55. Rc3 $1 Bd4+ 56. Rc2 $15
Rb3 57. Bc4 Ra3 58. Ba2 $2 (58. Ra2 $1 $15) 58... h5 $1 {/\ h4 ><g3} 59. Bc4 h4
60. Re2 $5 (60. gxh4 $17) 60... e5 (60... Be5 61. gxh4 $5) 61. Ra2 $2 (61. Bd5
$1) 61... Rc3 62. Ra6+ Kg5 63. Bf7 f4 $1 $8 64. gxh4+ (64. gxf4+ exf4 {/\ h3-+}
) (64. Rg6+ Kf5) 64... Kxh4 65. Rh6+ (65. Bd5 f3+ $1 66. Bxf3 Rc2+ 67. Kh1 Rc1+
68. Kg2 Rg1#) 65... Kg4 $1 (65... Kg5 66. Rh5+ Kf6 67. Bd5) 66. Be6+ Kg5 67.
Rh3 (67. Rh7 f3+ $19) 67... Rxh3 $1 68. Kxh3 (68. Bxh3 e4 $19) 68... e4 (68...
e4 69. Bd5 Kf5 70. Bc6 f3 71. Kg3 Be5+ 72. Kf2 Kf4 $19) 0-1

[Event "Ubeda"]
[Site "Ubeda"]
[Date "1997.02.16"]
[Round "7"]
[White "Kortschnoj, Viktor Lvovich"]
[Black "Jussupow, Artur"]
[Result "1/2-1/2"]
[WhiteElo "2635"]
[BlackElo "2665"]
[Annotator "Psakhis,L"]
[PlyCount "56"]
[EventDate "1997.02.07"]
[EventType "tourn"]
[EventRounds "11"]
[EventCountry "ESP"]
[EventCategory "16"]
[SourceTitle "CBM 058"]
[Source "ChessBase"]
[SourceDate "1997.06.01"]
[SourceVersion "1"]
[SourceVersionDate "1997.06.01"]
[SourceQuality "1"]

1. d4 Nf6 2. c4 e6 3. Nc3 Bb4 4. e3 c5 5. Bd3 Nc6 6. Nge2 cxd4 7. exd4 d5 8.
cxd5 Nxd5 9. O-O O-O {According to modern theory this variant promised equal
chances to Black.} 10. a3 Bd6 11. Ne4 Bc7 $1 {Also possible} (11... Be7 12. Bb1
Re8 13. Qd3 g6 14. Ba2 b6 15. Rd1 Bb7 16. Qg3 Nf6 17. N4c3 Qc8 $11 {1-0
Buckley,G-Hunt,H/Walsall 1997 (39) but move in text may be even stronger.}) 12.
Bc2 Qh4 13. h3 {N/} (13. g3 {weaken light squares without any reason.} Qh5 14.
N2c3 Qxd1 15. Rxd1 Bb6 $11 {0-1 Lautier,J-Arkhipov,S/Belgrade GMA-op 1988 (49)}
) 13... h6 14. Qd3 Rd8 15. Nd2 $1 {[%cal Gd2f3]} Nf6 16. Nf3 Qh5 17. Bf4 Bxf4 (
{It is very dangerous for a Black to try to keep bishops on the board, for
example} 17... Bb6 18. Rfd1 {and now} Bd7 $2 {lose immediately after} 19. Ng3
Qd5 (19... Qa5 $2 20. b4 Qd5 21. Bb3 $18) 20. Bb3 Qa5 21. Bd2 $18 {and the
queen is trapped}) 18. Nxf4 Qa5 19. Rfe1 Qc7 20. g3 b6 {Game is approximately
equal. White pieces little be more active, but they have some problems with Pd4
} 21. Rac1 Bb7 22. Bb3 (22. b4 Qd6 {[%csl Rd4]}) 22... Rd6 23. Ne5 Nxe5 $1 24.
dxe5 Qxc1 25. Rxc1 Rxd3 26. Nxd3 Rd8 $1 27. Ne1 Ne4 28. Rc7 Nc5 1/2-1/2

[Event "Cannes Generations"]
[Site "Cannes"]
[Date "1998.??.??"]
[Round "1"]
[White "Gligoric, Svetozar"]
[Black "Shaked, Tal"]
[Result "1-0"]
[WhiteElo "2480"]
[BlackElo "2535"]
[Annotator "Psakhis,L"]
[PlyCount "87"]
[EventDate "1998.02.21"]
[EventType "schev"]
[EventRounds "8"]
[EventCountry "FRA"]
[SourceTitle "CBM 065"]
[Source "ChessBase"]
[SourceDate "1998.08.06"]
[SourceVersion "1"]
[SourceVersionDate "1998.08.06"]
[SourceQuality "1"]

1. d4 Nf6 2. c4 e6 3. Nc3 Bb4 4. e3 c5 5. Bd3 Nc6 6. Nge2 cxd4 7. exd4 d5 8.
cxd5 Nxd5 9. O-O O-O 10. Bc2 Re8 11. Qd3 g6 12. Qf3 (12. Rd1 Bf8 13. Qf3 Bg7
14. Be4 Nxc3 15. bxc3 e5 16. Be3 exd4 17. cxd4 Qe7 18. Nc3 h5 (18... Bd7 19.
Rab1 Rab8 20. h3 a6 {1/2-1/2 Dumitrache,D-Belikov,V/Enakievo 1997}) 19. h3 Bd7
20. Rac1 Rac8 21. Bb1 Qh4 $11 {0-1 Kaspi,A-Khasin,A/Rishon le Zion op 1997 (38)
}) 12... Qf6 ({Another reasonable option is} 12... Bf8 13. Bb3 Nxc3 14. bxc3
Na5 15. Bf4 Nxb3 16. axb3 Qd5 $11 {0-1 Kantsler,B-Ruban,V/Podolsk 1989 (36)})
13. Qxf6 {Black has nothing to worry in ending, but not too many chances for
advantage promiced and} (13. Qe4 {for example} Nxc3 14. bxc3 Bf8 15. Ng3 e5 16.
d5 (16. f4 Bf5) 16... Ne7 17. c4 Nf5 18. Kh1 Nxg3+ 19. hxg3 Bf5 20. Qe2 Bxc2
21. Qxc2 Rac8 $11 {0-1 Bekker_Jensen,A-Bramme,I/EU-ch G18 Tallinn 1997 (58)})
13... Nxf6 14. Bg5 {N/} (14. Rd1 b6 15. Bg5 Be7 16. Ne4 Nxe4 17. Bxe4 Bb7 18.
Bxe7 Rxe7 19. Nc3 Kg7 20. d5 exd5 21. Bxd5 Rd8 22. f3 {1/2-1/2 Dumitrache,
D-Emms,J/Cappelle le Grande 1997}) 14... Be7 $11 15. Rfd1 Rd8 16. Rac1 Bd7 17.
h4 {Normal move for middlegame, but in ending it doesn,t look very danzerous
for black.} Kg7 18. Ne4 $5 Nb4 (18... Nxe4 19. Bxe4 Bxg5 20. hxg5 $14 {[%csl
Rf6,Gg5,Rh6]}) 19. Bb3 (19. Nxf6 Bxf6 20. Bxf6+ Kxf6 21. Bb3 Rac8 $11) 19...
Bc6 (19... Rac8 $5) 20. Nc5 h6 21. Bf4 {[%csl Ge5][%cal Gf4e5]} (21. Bxf6+ Bxf6
22. Bxe6 $140 Re8 23. a3 b6 24. axb4 bxc5 25. Bc4 (25. d5 Ba4 $1) 25... cxb4
$15) 21... Rac8 22. a3 (22. Bxe6 fxe6 23. Nxe6+ Kh7 24. Nxd8 Rxd8 25. a3 Nbd5
$11 {[%csl Gd5]}) 22... Nbd5 23. Be5 Kg8 $1 {[%cal Gf6g4]} 24. Nf4 Nxf4 25.
Bxf4 Nd5 26. Bg3 (26. Bxh6 Bxh4 $15) 26... b6 27. Nd3 {[%cal Gd3e5]} (27. Na6
Bb7 28. Nc7 Nxc7 29. Bxc7 Rd7 30. Bg3 Rxc1 31. Rxc1 h5 $15) 27... Bb7 28. Ne5
Kg7 29. Ba4 Bd6 30. Bc6 Ba6 $2 {Shaked had good choice between} (30... Bxc6 $5
31. Nxc6 Bf4 32. Bxf4 Nxf4 33. Kf1 (33. Nxd8 Ne2+ 34. Kf1 Nxc1 35. Nb7 Rc2 $36)
33... Rd7 $15) ({and} 30... Ba8 $5 31. Bxa8 Rxa8 32. Nc6 Bxg3 33. Nxd8 Bf4 $1
34. Nc6 $140 Bxc1 35. Rxc1 Rc8 $15 {and move in text and, unfortunately for
him, he choose weakest move.}) 31. Bxd5 exd5 (31... Rxc1 $142 32. Rxc1 exd5 33.
Nc6 Rc8 34. Bxd6 Bb7 $14) 32. Nc6 Rd7 {It is difficult to choose between two
evils, but , maybe, bigger chances for survival Black could get after} (32...
Bxg3 $5 33. Nxd8 Bxh4 34. Rxc8 Bxc8 35. Nc6 $16) 33. Bxd6 Rxd6 34. Nxa7 Rxc1 (
34... Re8 $5 35. Re1 Re4) 35. Rxc1 Re6 36. Nc6 (36. b4 $2 Bc4) 36... Re2 37. b3
$1 (37. Ne5 Bc4 $1 38. Nxc4 dxc4 39. Rxc4 Rxb2 40. Rb4 Ra2 $16) 37... Rb2 38.
Rc3 Be2 $6 {Last mistake.} (38... Bc8 $5 39. Ne5 Be6 $16) 39. Nb4 Bd1 (39...
Rd2 40. Nxd5 Rd1+ 41. Kh2 Rxd4 42. Nxb6 Rxh4+ 43. Kg1 $18 {[%csl Ga3,Gb3]}) 40.
Nxd5 Bxb3 41. Nxb6 Ba2 (41... Be6 42. Rc6 Rd2 43. d5 $1 Bxd5 44. Rd6 Rd1+ 45.
Kh2 Bb3 46. Rxd1 Bxd1 47. a4 $18) 42. Rc6 Rb5 43. a4 $1 Ra5 44. Rc5 (44. Rc5
Ra6 45. a5 $18) 1-0

[Event "Biel SKA"]
[Site "Biel"]
[Date "1996.07.27"]
[Round "5"]
[White "Onischuk, Alexander"]
[Black "Karpov, Anatoly"]
[Result "0-1"]
[WhiteElo "2605"]
[BlackElo "2775"]
[Annotator "Rogozenco,D"]
[PlyCount "66"]
[EventDate "1996.07.22"]
[EventType "tourn"]
[EventRounds "11"]
[EventCountry "SUI"]
[EventCategory "16"]
[SourceTitle "CBM 055"]
[Source "ChessBase"]
[SourceDate "1996.12.01"]
[SourceVersion "1"]
[SourceVersionDate "1996.12.01"]
[SourceQuality "1"]

1. d4 {Petursson} Nf6 2. c4 e6 3. Nc3 Bb4 4. e3 c5 5. Bd3 d5 6. Nge2 cxd4 7.
exd4 Nc6 8. cxd5 Nxd5 9. O-O O-O 10. Bc2 Re8 11. Qd3 g6 12. a3 Bf8 13. Re1 Nxc3
14. bxc3 e5 15. Be3 Bf5 16. Qd1 Bxc2 17. Qxc2 Rc8 18. Qa4 b6 19. Red1 Qd5 20.
c4 (20. Ng3 {Petursson}) 20... Qa5 21. Qb5 a6 22. Qd5 exd4 23. Nxd4 Ne5 24. Nb3
Qa4 25. c5 b5 26. Rd4 Nc4 27. Rf4 Rxe3 $4 (27... Rc7 $17 {Petursson} 28. Nd2
Bg7 29. Nxc4 Bxa1 30. Nd6 Qc2 31. h3 Rf8) 28. fxe3 $4 {Looses} (28. Qxf7+ $1 {
Winning} Kh8 29. Rh4 h6 (29... h5 30. fxe3 (30. Qxg6 Re5 (30... Re5 31. Rxh5+
Rxh5 32. Qxh5+ Kg8 33. Qg4+ Kf7 34. Qf5+ Kg8 35. Qxc8 Qxb3 36. Qxa6 $18)) 30...
Qxb3 31. Qxg6 Qxe3+ 32. Kh1 Rxc5 (32... Bg7 33. Rxh5+ Kg8 34. Rf1 $18) 33. Rf1
Qh6 34. Qe8 Kg8 35. Rhf4 $18) (29... Bg7 30. Qxg6 h6 31. fxe3 Qxb3 32. Rxh6+
Bxh6 33. Qxh6+ Kg8 34. Qg5+ (34. Qe6+ $18) 34... Kh8 35. Qh5+ Kg8 36. Qg4+ Kh7
37. Qxc8 $18) 30. Qf6+ Kh7 (30... Bg7 31. Rxh6+ Kg8 32. Rxg6 Rc7 33. fxe3 Qxb3
34. Qd8+ (34. Qe6+ Rf7 35. Rg3 $1 $18 Qd3 (35... Kf8 36. c6 Bxa1 37. Qc8+ Ke7
38. Qd7+ Kf6 39. Rf3+ $18) (35... Nd2 36. Qc8+ Kh7 37. Rh3+ Kg6 38. Qg4+ Kf6
39. Rd1 $18) 36. c6 Qd6 37. Qxd6 Nxd6 38. Rd1 Ne4 39. Rd7 $3) 34... Kh7 35. Rg3
$18) 31. Rg4 $1 g5 32. fxe3 Qxb3 33. Qf5+ Kg8 (33... Kh8 {Petursson} 34. Qxc8
$18) 34. Qxc8 $18) 28... Qxb3 29. Qxf7+ (29. Rxf7 {Petursson} Qxe3+ 30. Kh1
Rxc5 $1 $19) 29... Kh8 30. Re4 (30. Rh4 Qxe3+ 31. Kh1 h6 (31... h6 {Petursson}
32. Qxg6 $17)) 30... Nd2 31. Re6 Ne4 32. h4 Qxe3+ 33. Kh1 Qd4 0-1

[Event "Candidates FIDE sf3"]
[Site "Sanghi Nagar"]
[Date "1994.??.??"]
[Round "3"]
[White "Salov, Valery"]
[Black "Timman, Jan H"]
[Result "1/2-1/2"]
[WhiteElo "2710"]
[BlackElo "2635"]
[Annotator "Salov,V"]
[PlyCount "130"]
[EventDate "1994.07.??"]
[EventType "match"]
[EventRounds "8"]
[EventCountry "IND"]
[SourceTitle "CBM 042"]
[Source "ChessBase"]
[SourceDate "1994.10.01"]
[SourceVersion "1"]
[SourceVersionDate "1994.10.01"]
[SourceQuality "1"]

1. d4 {Ftacnik Dautov} Nf6 2. c4 e6 3. Nc3 Bb4 4. e3 c5 5. Bd3 Nc6 6. Nge2 cxd4
7. exd4 d5 8. cxd5 Nxd5 9. O-O O-O 10. Bc2 Bd6 11. Ne4 (11. Qd3 {Dautov} Qh4 $1
12. g3 Qh5 13. Nxd5 exd5 $10) 11... Be7 12. a3 Qb6 $6 (12... b6 $142) (12... b6
{Dautov} 13. Qd3 g6 14. Bh6 Re8 15. Rac1 (15. Rad1) 15... Bb7 16. Rfd1 Rc8 17.
Qg3 Nf6 18. Ng5 Qd6 19. Qh4 Na5 20. Nf4 Rc4 $13 {Semkov-Psakhis/Erevan/1988}) (
12... b6 {Ftacnik}) 13. Qd3 g6 14. Rd1 Rd8 (14... Bd7 {Ftacnik} 15. b4 Rac8 16.
Nc5 Rfd8 17. Bd2 $36) 15. Qf3 e5 $2 (15... Bd7 16. b4 (16. Bg5 $14 {Dautov /\}
Qxb2 $2 17. Bxe7 Ncxe7 18. Bb3 Bb5 19. N2g3 f5 20. Nf6+ $1 Nxf6 21. Rab1 Qxb1
22. Bxe6+ Kh8 23. Rxb1 $16) 16... a5 17. Bb3 Be8 18. Bh6 $40) 16. Ng5 $1 Nf6 (
16... Bxg5 {Ftacnik} 17. Bxg5 $40) 17. Qb3 $1 (17. Bb3 $2 {Dautov} Bg4 18.
Bxf7+ Kg7 19. Qe3 exd4 $17) 17... Qxb3 18. Bxb3 Nxd4 (18... Rf8 {Dautov} 19. d5
Na5 (19... Nb8 {Ftacnik} 20. Be3 {/\ Rac1+/-} h6 21. d6 Bd8 22. Nxf7 Rxf7 23.
Bxh6 $16) 20. Ba2 $16 {/\b4}) 19. Nxd4 Rxd4 20. Rxd4 (20. Re1 $16) 20... exd4
21. Nxf7 Bd7 22. Bf4 (22. Bg5 $3 Be8 $8 (22... Bc6 $2 23. Re1 Kf8 (23... Bd5
24. Rxe7 Bxb3 25. Nh6+ $18) 24. Nd6 $3 Ng8 (24... Bd5 25. Bxf6 Bxf6 26. Bxd5
Rd8 27. Ne4 $18) 25. Rxe7 $1 Nxe7 26. Bh6#) (22... Kf8 23. Rd1 $16) 23. Nd6+ (
23. Nd8+ {Dautov} Kh8 24. Ne6 d3 25. Rd1 $16) 23... Kg7 24. Nxe8+ Rxe8 25. Re1
$1 h6 (25... a6 26. Kf1 h6 27. Bf4 Bc5 28. Rxe8 Nxe8 29. Be5+ Kf8 30. f4 $18)
26. Ba4 $1 Rc8 27. Rxe7+ Kf8 28. Rxb7 hxg5 29. Kf1 d3 30. Ke1 Ne4 31. f3 Rc1+
32. Bd1 $18) 22... Bc6 23. Re1 Bf8 24. Re5 $1 (24. Rd1 $2 {Dautov} Bd5 25. Bxd5
Nxd5 26. Rxd4 Nxf4 27. Rxf4 Rc8 $10) 24... Bg7 (24... d3 {Dautov} 25. Ng5+ Kg7
26. Re3 Bb5 27. Ne6+ Kh8 28. Be5 Bg7 29. Nc7 Rc8 30. h3 $16) 25. Nd8+ (25. Rc5
$1 {Dautov} Nh5 26. Bd2 (26. Bc7 Bf6 27. Ne5+ Kg7 28. Nxc6 bxc6 29. Rxc6 $16 {
/\g4}) 26... Kf8 27. g4 Nf6 28. Bb4 Kg8 29. g5 Nh5 30. Nd8+ Kh8 31. Nxc6 bxc6
32. Rxc6 $16) 25... Kh8 26. Nf7+ Kg8 27. Nd8+ (27. Rc5 $1 {Ftacnik} Nd7 $140
28. Rxc6 bxc6 29. Ne5+ $16) 27... Kh8 28. Nxc6 bxc6 29. Re7 $18 Nd5 30. Bxd5
cxd5 31. Rd7 Kg8 32. Rxd5 Rc8 33. g3 a6 34. a4 $4 (34. Kg2 Rc2 35. b4 Ra2 (
35... Rc3 {Dautov} 36. Ra5 $16) 36. Ra5 Bf8 37. Kf3 $18) (34. b4 $16 {Ftacnik})
(34. Kg2 $16 {Ftacnik}) 34... Rc4 35. b3 Rb4 36. Rd8+ Kf7 37. Rd7+ Kg8 38. Rd8+
Kf7 39. Rd7+ (39. Rb8 Rxb8 40. Bxb8 d3 41. Kf1 Ke6 $44) 39... Kg8 40. Ra7 Rxb3
41. Rxa6 d3 42. Ra8+ Kf7 43. Ra7+ Kg8 44. Kg2 (44. Rd7 {Ftacnik} Ra3) 44... Ra3
$1 $10 45. Kf3 Bc3 46. Be3 (46. Ke3 {Ftacnik} d2 47. Ke2 Ra1 48. Bxd2 Ra2 49.
Rd7 Bxd2 50. Rxd2 Rxa4 $10) 46... Ra1 47. Rd7 d2 48. Rd8+ Kf7 49. Bxd2 Bxd2 50.
Rxd2 Rxa4 51. Rd7+ Kg8 52. Re7 Ra3+ 53. Kg4 Ra2 54. Kf3 Ra3+ 55. Kg2 Ra4 56. h3
(56. h4 {Ftacnik} h5 $10) 56... h5 57. Kf3 Kf8 58. Rd7 Rb4 59. g4 Rb3+ 60. Kg2
hxg4 61. hxg4 Ra3 62. f3 Ra5 63. Kg3 g5 64. Kf2 Re5 65. Rh7 Kg8 1/2-1/2

[Event "Candidates FIDE sf3"]
[Site "Sanghi Nagar"]
[Date "1994.??.??"]
[Round "7"]
[White "Salov, Valery"]
[Black "Timman, Jan H"]
[Result "1-0"]
[WhiteElo "2710"]
[BlackElo "2635"]
[Annotator "Salov,V"]
[PlyCount "87"]
[EventDate "1994.07.??"]
[EventType "match"]
[EventRounds "8"]
[EventCountry "IND"]
[SourceTitle "CBM 042"]
[Source "ChessBase"]
[SourceDate "1994.10.01"]
[SourceVersion "1"]
[SourceVersionDate "1994.10.01"]
[SourceQuality "1"]

1. d4 Nf6 2. c4 e6 3. Nc3 Bb4 4. e3 c5 5. Bd3 Nc6 6. Nge2 cxd4 7. exd4 d5 8.
cxd5 Nxd5 9. O-O O-O 10. Bb1 Be7 11. Qd3 g6 12. Qf3 $1 (12. Rd1 e5 $1 13. dxe5
Nxc3 $10) 12... Nxc3 13. bxc3 Bd7 14. Be4 Rc8 15. Rd1 (15. Bh6 Re8 16. Rad1 Bg5
$10) 15... f5 (15... b6 $5) 16. Bd3 Na5 17. Bh6 Rf7 18. Qe3 Nc4 19. Bxc4 Rxc4
20. Re1 $1 {><e6} Qc8 21. Bg5 e5 $1 (21... Bf8 22. h4 $36) 22. h4 exd4 23. cxd4
Qd8 $1 24. Rac1 Bxg5 25. hxg5 Rxc1 26. Rxc1 f4 $2 (26... Re7 $1 27. Qd2 Bc6 28.
Nf4 Rd7 $132) 27. Nxf4 Qxg5 28. Nd3 $1 Qxe3 29. fxe3 $16 Bf5 (29... Bc6 $5 30.
Ne5 Rf6 $16) 30. Ne5 Re7 31. g4 $1 Be4 32. g5 $1 Kg7 33. Kf2 h6 34. gxh6+ Kxh6
35. Kg3 Kg5 36. a3 b6 $2 (36... Rh7 $8 37. Rf1 Bf5 $8 (37... Rh1 38. Nf7+ Kh5
39. Rxh1+ Bxh1 40. Kf4 $18) 38. e4 $1 Rh3+ (38... Bxe4 39. Nf7+ Kh5 40. Rf2 $1
g5 41. Rh2+ Kg6 42. Rxh7 Kxh7 43. Nxg5+ $18) 39. Kg2 Bg4 40. d5 Rxa3 (40... Re3
41. Nf7+ Kh4 42. Rh1+ Bh3+ 43. Rxh3+ Rxh3 44. d6 Rd3 45. e5 g5 46. e6 $18) 41.
Nxg4 Kxg4 42. d6 Rd3 43. e5 $18) 37. Rf1 $1 Bd5 38. Rf4 $1 Rc7 39. e4 Bb3 (
39... Rc3+ 40. Nf3+ $18) 40. Rg4+ Kh5 41. Kf4 $1 $18 Bf7 42. d5 Be8 43. Rg3 Kh6
44. d6 1-0